Click the Countries of Oceania on a Map - Statistics

General Stats
  • This quiz has been taken 1,106 times
  • The average score is 10 of 14
Answers on the Map
Answers color-coded by a green-red scale on the quiz's map according to % correct below.
 
Answer Stats
Answer % Correct
Australia
94%
New Zealand
91%
Papua New Guinea
90%
Fed. State of Micronesia
78%
Kiribati
77%
Fiji
73%
Solomon Islands
71%
Samoa
70%
Nauru
69%
Tonga
66%
Palau
65%
Vanuatu
65%
Marshall Islands
62%
Tuvalu
60%
No matching quizzes found
Score Distribution
Percent of People with Each Score
Percentile by Number Answered
Your Score History
You have not taken this quiz